000 00390cam a2200169ua 4500
020 _cRs.13.50
041 _aeng
_h
082 _a330.954
_bRUD/IN
100 _a Ruddar datt, K.P.M sundharan .
245 _aIndian economy
260 _aDelhi :
_bNiraj Prakashan ,
_c1966.
300 _a832 ; .
365 _aRs.13.50
504 _a
942 _cBK
999 _c11229
_d11229